LEADER 00844nam0-2200265 --450 001 9910763891603321 005 20231212153215.0 010 $a978-88-498-6595-0 100 $a20231212d2021----kmuy0itay5050 ba 101 0 $aita 102 $aIT 105 $a 001yy 200 1 $aAsimmetria informativa ed insider trading$eprofili civilistici in civil law e common law$fPaola D'Elia 210 $aSoveria Mannelli$cRubbettino$dc2021 215 $a137 p.$d25 cm 225 1 $aScienze giuridiche$fUniversità degli studi di Salerno 676 $a345.0268$v23$zita 700 1$aD'Elia,$bPaola$c$01353034 801 0$aIT$bUNINA$gREICAT$2UNIMARC 901 $aBK 912 $a9910763891603321 952 $aX N4 48$b2021/1175$fFGBC 959 $aFGBC 996 $aAsimmetria informativa ed insider trading$93645098 997 $aUNINA